| Поле | Инд. | ПП | Название | Значение |
|---|---|---|---|---|
| Тип записи | a | |||
| Библиографический уровень | m | |||
| 001 | Контрольный номер | 06f3fb5a10654922954a31c74500b915 | ||
| 005 | Дата корректировки | 20250328141350.7 | ||
| 084 | a | Индекс другой классификации/Индекс ББК | 87 | |
| 097 | b | Оператор | Кондратьева | |
| 245 | 10 | a | Заглавие | Вестник Московского университета. Серия 7. Философия |
| n | Номер части/ раздела | 4 | ||
| 260 | c | Дата издания | 2024 | |
| 900 | a | Имя макрообъекта | 0000003851581 | |
| 901 | t | Тип документа | s |